000 01243nam a22003377a 4500
003 CHAP
005 20220329135145.0
008 971013s1974 r 00010 d
010 _a31861
011 _a32833
035 _a36948
040 _cCHAP
090 _aTesis
100 0 0 _aMartínez González, Jorge Fernando.
_972097
245 _aEstudio socio-económico para ver la factibilidad de formación de una empresa ejidal de producción cooperativa en la zona de Dr. Arroyo, N.L.
260 _a(Monterrey, N.L.) :
_bEl autor,
_c1974
300 _a100 h.
_b; gráfs. ; mapa
502 _aTesis (Ing. Agrónomo Administrador) -- ITESM. Div. de Ciencias Agropecuarias y Marítimas
590 _aALEPH
_b10
_c20130110
_lUCH01
_h1254
590 _aBATCH-UPD
_b10
_c20130110
_lUCH01
_h0131
590 _aBATCH-UPD
_b10
_c20130110
_lUCH01
_h0950
590 _aBATCH-UPD
_b10
_c20130409
_lUCH01
_h2127
590 _aBATCH-UPD
_b10
_c20130410
_lUCH01
_h0604
590 _aBATCH-UPD
_b10
_c20130913
_lUCH01
_h2136
590 _aCONVERSION
_b10
_c20130109
_lUCH01
_h1318
650 1 4 _aAgricultura cooperativa
_xNuevo León.
_91979
650 1 4 _aCrédito agrícola.
_929022
901 _aBK
942 _cTESIS
949 _bBC
_cTES
_d-84889
_eTS1
_i36948
_si
999 _c31861
_d31861